ბათუმის შოთა რუსთაველის სახელმწიფო უნივერსიტეტის ბიბლიოთეკა

Монтаж внутренных санитарно-технических устроиств. (ბიბ.ჩანაწერი № 46725)

000 -LEADER
fixed length control field 00801nam a2200217Ia 4500
001 - CONTROL NUMBER
control field 13569
003 - CONTROL NUMBER IDENTIFIER
control field GE_BSU
008 - FIXED-LENGTH DATA ELEMENTS--GENERAL INFORMATION
fixed length control field 181216s||||||||xx |||||||||||||| ||und||
040 ## - CATALOGING SOURCE
Transcribing agency GE_BSU
080 ## - UNIVERSAL DECIMAL CLASSIFICATION NUMBER
Universal Decimal Classification number 696.057(035.5)
100 ## - MAIN ENTRY--PERSONAL NAME
Personal name Александрович,Ю.Б. Блюменкрац,Б.А. Вигдорчик,Д.Я. и др.
245 ## - TITLE STATEMENT
Title Монтаж внутренных санитарно-технических устроиств.
245 ## - TITLE STATEMENT
Statement of responsibility, etc. Под ред. И.Г.Староверова.
250 ## - EDITION STATEMENT
Edition statement 3-е изд., перераб. и доп.
260 ## - PUBLICATION, DISTRIBUTION, ETC.
Place of publication, distribution, etc. М.
260 ## - PUBLICATION, DISTRIBUTION, ETC.
Name of publisher, distributor, etc. Стройиздат.
260 ## - PUBLICATION, DISTRIBUTION, ETC.
Date of publication, distribution, etc. 1984.
300 ## - PHYSICAL DESCRIPTION
Extent 783 стр. 22 см. с илл.
653 ## - INDEX TERM--UNCONTROLLED
Uncontrolled term Монтаж внутренных санитарно-технических устроиств.
942 ## - ADDED ENTRY ELEMENTS (KOHA)
Koha item type წიგნი

არაა ხელმისაწვდომი ეგზემპლარები.